A technológiai fejlődés bemutatása a konferenciaturizmusban a Budapest Marriott Hotel tükrében

Bibliográfiai részletek
Szerző: Mocsai Balázs
További közreműködők: Karakasné Morvay Klára
Dokumentumtípus: Záródolgozat
Kulcsszavak:Konferenciaturizmus
Rendezvényszervezés
Budapest Marriott Hotel
Online Access:http://dolgozattar.uni-bge.hu/59318

MARC

LEADER 00000nta a2200000 i 4500
001 dolg59318
005 20260109132122.0
008 260108suuuu hu o 000 hun d
040 |a BGE Dolgozattár Repozitórium  |b hun 
041 |a hu 
100 1 |a Mocsai Balázs 
245 1 2 |a A technológiai fejlődés bemutatása a konferenciaturizmusban a Budapest Marriott Hotel tükrében  |c Mocsai Balázs  |h [elektronikus dokumentum] 
516 |a Final_paper 
695 |a Konferenciaturizmus 
695 |a Rendezvényszervezés 
695 |a Budapest Marriott Hotel 
700 1 |a Karakasné Morvay Klára  |e ths 
856 4 0 |u http://dolgozattar.uni-bge.hu/59318/1/Mocsai-Balazs.pdf  |z Dokumentum-elérés